000 01113nam a2200229Ia 4500
001 11731
003 GE_BSU
008 181216s||||||||xx |||||||||||||| ||und||
040 _cGE_BSU
080 _a37.01+821.161.1-32+821.161.1-2
100 _aმაკარენკო,ა.ს. Макаренко,А.С.
245 _aთხზულებანი შვიდ ტომად.ტ.2. 30წლის მარში.მოთხრობა;ფდ-1-მოთხრობა;მაჟორი-პიესა.
245 _bСочиненя в семи томах.Т.2.
260 _aთბილისი
260 _bცოდნა
260 _c1959
300 _a572გვ;22სმ.
300 _bსაგანთა და პერს.საძ.გვ:555-564
520 _aფ.ე.ძერჟინსკის სახ.კომუნის ისტორია.
653 _aთხზულებანი შვიდ ტომად.ტ.2. 30წლის მარში.მოთხრობა;ფდ-1-მოთხრობა;მაჟორი-პიესა.
942 _cBK
999 _c44912
_d44912